<?xml version="1.0" encoding="UTF-8"?>
<record
    xmlns:xsi="http://www.w3.org/2001/XMLSchema-instance"
    xsi:schemaLocation="http://www.loc.gov/MARC21/slim http://www.loc.gov/standards/marcxml/schema/MARC21slim.xsd"
    xmlns="http://www.loc.gov/MARC21/slim">

  <leader>01860nam a2200325 i 4500</leader>
  <controlfield tag="001">000000140523</controlfield>
  <controlfield tag="003">IT-MiSPE</controlfield>
  <controlfield tag="005">20250318120648.0</controlfield>
  <controlfield tag="008">101116s2007    it       b   u000 u ita c</controlfield>
  <datafield tag="020" ind1=" " ind2=" ">
    <subfield code="a">9788830808850</subfield>
    <subfield code="c">22,90 &#x20AC;</subfield>
  </datafield>
  <datafield tag="035" ind1=" " ind2=" ">
    <subfield code="a">(IT-RoPUS)140523</subfield>
  </datafield>
  <datafield tag="040" ind1=" " ind2=" ">
    <subfield code="a">IT-MiSPE</subfield>
    <subfield code="b">ita</subfield>
    <subfield code="c">IT-MiSPE</subfield>
    <subfield code="d">IT-MiSPE</subfield>
  </datafield>
  <datafield tag="041" ind1="1" ind2=" ">
    <subfield code="a">ita</subfield>
    <subfield code="h">fre</subfield>
  </datafield>
  <datafield tag="082" ind1="0" ind2="4">
    <subfield code="a">227.87-Eb* VAN al (ppv 23386)</subfield>
  </datafield>
  <datafield tag="100" ind1="1" ind2=" ">
    <subfield code="a">Vanhoye, Albert,</subfield>
    <subfield code="d">1923-2021</subfield>
    <subfield code="4">aut</subfield>
    <subfield code="e">autore</subfield>
    <subfield code="9">81463</subfield>
    <subfield code="c">cardinale</subfield>
  </datafield>
  <datafield tag="240" ind1="1" ind2="0">
    <subfield code="a">La Lettre aux H&#xE9;breux. J&#xE9;sus-Christ, M&#xE9;diateur d'une nouvelle alliance</subfield>
    <subfield code="l">Ita</subfield>
  </datafield>
  <datafield tag="245" ind1="1" ind2="0">
    <subfield code="a">Ges&#xF9; Cristo il mediatore :</subfield>
    <subfield code="c">Albert Vanhoye ; presentazione di Franco Manzi.</subfield>
    <subfield code="b">nella Lettera agli Ebrei /</subfield>
  </datafield>
  <datafield tag="260" ind1=" " ind2=" ">
    <subfield code="a">Assisi :</subfield>
    <subfield code="b">Cittadella,</subfield>
    <subfield code="c">2007.</subfield>
  </datafield>
  <datafield tag="300" ind1=" " ind2=" ">
    <subfield code="a">272 p. ;</subfield>
    <subfield code="c">21 cm</subfield>
  </datafield>
  <datafield tag="490" ind1="1" ind2=" ">
    <subfield code="a">Commenti e studi biblici</subfield>
  </datafield>
  <datafield tag="504" ind1=" " ind2=" ">
    <subfield code="a">Bibliografia </subfield>
  </datafield>
  <datafield tag="520" ind1=" " ind2=" ">
    <subfield code="a">Un contributo chiaro senza tecnicismi che presenta tutte le conoscenze ad oggi sulla lettera agli Ebrei. Opera della maturit&#xE0; dell'autore. Un contributo dall'alto profilo teologico-biblico su un tema particolarmente vivo nell'attuale confronto tra le diverse religioni: l'universale mediazione salvifica di Cristo. Con un linguaggio denso ma chiaro, esegeticamente preciso ma senza concessioni a inutili tecnicismi, l'Autore riprende, in maniera sistematica, le acquisizioni sulla Lettera agli Ebrei cui &#xE8; pervenuto nella sua prolungata attivit&#xE0; di ricerca e di insegnamento. Un'opera della maturit&#xE0; del gesuita francese, creato cardinale dal Papa Benedetto XVI nel Concistoro del 24 marzo 2006.</subfield>
  </datafield>
  <datafield tag="546" ind1=" " ind2=" ">
    <subfield code="a">Traduzione di Franco Manzi.</subfield>
  </datafield>
  <datafield tag="630" ind1=" " ind2=" ">
    <subfield code="a">Bibbia</subfield>
    <subfield code="v">N.T.</subfield>
    <subfield code="x">Lettera agli Ebrei</subfield>
    <subfield code="9">61858</subfield>
  </datafield>
  <datafield tag="655" ind1=" " ind2=" ">
    <subfield code="a">Bibbia</subfield>
    <subfield code="v">Cristologia</subfield>
    <subfield code="x">Lettera agli Ebrei: studi e teologia</subfield>
    <subfield code="9">61859</subfield>
  </datafield>
  <datafield tag="700" ind1="1" ind2=" ">
    <subfield code="a">Manzi, Franco,</subfield>
    <subfield code="d">1966-</subfield>
    <subfield code="9">49945</subfield>
  </datafield>
  <datafield tag="830" ind1=" " ind2="0">
    <subfield code="a">Commenti e studi biblici.</subfield>
    <subfield code="9">61860</subfield>
  </datafield>
  <datafield tag="942" ind1=" " ind2=" ">
    <subfield code="2">pusc</subfield>
    <subfield code="c">BK</subfield>
  </datafield>
  <datafield tag="999" ind1=" " ind2=" ">
    <subfield code="c">360444</subfield>
    <subfield code="d">360444</subfield>
  </datafield>
  <datafield tag="952" ind1=" " ind2=" ">
    <subfield code="0">0</subfield>
    <subfield code="1">0</subfield>
    <subfield code="2">ddc</subfield>
    <subfield code="4">0</subfield>
    <subfield code="6">227_000000000000000_87EB_VAN_AL_PPV_23386</subfield>
    <subfield code="7">1</subfield>
    <subfield code="a">CINISELLO</subfield>
    <subfield code="b">CINISELLO</subfield>
    <subfield code="d">2025-03-18</subfield>
    <subfield code="l">0</subfield>
    <subfield code="o">227.87-Eb* VAN al (ppv 23386)</subfield>
    <subfield code="p">9788830808850</subfield>
    <subfield code="r">2025-03-18 12:07:46</subfield>
    <subfield code="w">2025-03-18</subfield>
    <subfield code="y">BK</subfield>
  </datafield>
</record>
